Financial and managerial accounting : Information for decisions

Đã lưu trong:
書目詳細資料
主要作者: Wild, John J.
格式: 圖書
語言:Undetermined
出版: Boston, MA. McGraw-Hill/Irwin 2005
主題:
標簽: 添加標簽
沒有標簽, 成為第一個標記此記錄!
Thư viện lưu trữ: Trung tâm Học liệu Trường Đại học Cần Thơ
LEADER 00636nam a2200205Ia 4500
001 CTU_213027
008 210402s9999 xx 000 0 und d
082 |a 658.1511 
082 |b W668 
100 |a Wild, John J. 
245 0 |a Financial and managerial accounting : 
245 0 |b Information for decisions 
245 0 |c Wild, John J. 
260 |a Boston, MA. 
260 |b McGraw-Hill/Irwin 
260 |c 2005 
650 |a Accounting,Managerial accounting. 
904 |i Minh 
910 |a Sách kèm theo đĩa CD có số : AVA.000313 , AVA.000314 , AVA.000315 
980 |a Trung tâm Học liệu Trường Đại học Cần Thơ